| 000 | 00676ntaaa2200205 4500 | ||
|---|---|---|---|
| 003 | 01 | ||
| 005 | 20251027203242.0 | ||
| 008 | 0714s1973 ag 01 | ||
| 040 |
_aAR-BaBN _bspa _cAR-BaBN _eaacr _dRIC |
||
| 082 | _a306.6 G98 | ||
| 100 |
_aGutiérrez, Ariel Gustavo _935072 |
||
| 245 |
_aUna experiencia de fe popular de la óptica de un observante evangélico / _cEl fenómeno fan devoto en la movida gildera |
||
| 250 | _a1 ed. | ||
| 260 |
_aBuenos Aires : _bSITB, _c2012 |
||
| 300 |
_a84 p ; _c28 cm |
||
| 500 | _aTesis de Maestría en Ciencias de la Religión con mención en Misiología | ||
| 650 |
_aRELIGIOSIDAD POPULAR _98279 |
||
| 650 |
_aGILDA _935073 |
||
| 942 | _cBK | ||
| 999 |
_c27942 _d27942 |
||